La Celestina : (Record no. 18025)

MARC details
000 -LEADER
campo de control de longitud fija 01144nam a2200313 i 4500
001 - NÚMERO DE CONTROL
campo de control 18025
003 - IDENTIFICADOR DE NÚMERO DE CONTROL
campo de control ES-MaACL
005 - FECHA Y HORA DE LA ÚLTIMA TRANSACCIÓN
campo de control 20251116063052.0
007 - CAMPO FIJO DE DESCRIPCIÓN FÍSICA--INFORMACIÓN GENERAL
campo de control de longitud fija t|
008 - DATOS DE LONGITUD FIJA--INFORMACIÓN GENERAL
campo de control de longitud fija 010803s2000 sp ||||0| spa
020 ## - NÚMERO INTERNACIONAL ESTÁNDAR DEL LIBRO
Número Internacional Estándar del Libro 84-7423-968-0
080 ## - NÚMERO DE LA CLASIFICACIÓN DECIMAL UNIVERSAL
Número de la Clasificación Decimal Universal 821.134.2-21"15"
100 1# - ENTRADA PRINCIPAL--NOMBRE DE PERSONA
Nombre de persona Rojas, Fernando de,
Fechas asociadas al nombre ca. 1470-1541
9 (RLIN) 99042
240 13 - TÍTULO UNIFORME
Título uniforme La Celestina
245 13 - MENCIÓN DEL TÍTULO
Título La Celestina :
Resto del título tragicomedia de Calisto y Melibea /
Mención de responsabilidad, etc. Fernando de Rojas (y "antiguo autor") ; edición y estudio de Francisco J. Lobera y Guillermo Serés, Paloma Díaz-Mas, Carlos Mota e Iñigo Ruiz Arzálluz y Francisco Rico.
260 ## - PUBLICACIÓN, DISTRIBUCIÓN, ETC.
Lugar de publicación, distribución, etc. Barcelona :
Nombre del editor, distribuidor, etc. Crítica,
Fecha de publicación, distribución, etc. [2000]
300 ## - DESCRIPCIÓN FÍSICA
Extensión CCL, 874 p. ;
Dimensiones 21 cm.
490 1# - MENCIÓN DE SERIE
Mención de serie Biblioteca clásica ;
Designación de volumen o secuencia 20
504 ## - NOTA DE BIBLIOGRAFÍA, ETC.
Nota de bibliografía, etc. Bibliografía: p. 751-826.
700 1# - ENTRADA AGREGADA--NOMBRE PERSONAL
Nombre de persona Lobera, Francisco J.
9 (RLIN) 73005
700 1# - ENTRADA AGREGADA--NOMBRE PERSONAL
Nombre de persona Serés, Guillermo.
9 (RLIN) 105539
700 1# - ENTRADA AGREGADA--NOMBRE PERSONAL
Nombre de persona Díaz-Mas, Paloma.
9 (RLIN) 44347
700 1# - ENTRADA AGREGADA--NOMBRE PERSONAL
Nombre de persona Mota, Carlos.
9 (RLIN) 83815
700 1# - ENTRADA AGREGADA--NOMBRE PERSONAL
Nombre de persona Ruiz Arzálluz, Iñigo.
9 (RLIN) 100660
700 1# - ENTRADA AGREGADA--NOMBRE PERSONAL
Nombre de persona Rico, Francisco,
Fechas asociadas al nombre 1942-
9 (RLIN) 97012
830 1# - PUNTO DE ACCESO ADICIONAL DE SERIE-TÍTULO UNIFORME
Título uniforme Biblioteca clásica ;
Designación de volumen o secuencia 20
9 (RLIN) 180370
852 ## - LOCALIZACIÓN
Ubicación ES-MaACL
Número de control de estantería L-24767
Holdings
Estatus retirado Estado de pérdida Estado de daño No para préstamo Biblioteca de origen Biblioteca actual Ubicación en estantería Fecha de adquisición Fuente de adquisición Total de préstamos Signatura topográfica completa Código de barras Visto por última vez Precio de reemplazo Tipo de ítem Koha
        Biblioteca del Ateneo de Madrid Biblioteca del Ateneo de Madrid Depósito 2 17/01/2008     L-24767 1018417 23/02/2023 23/02/2023 Libro impreso